000 00385 a2200157 4500
001 68076
020 _a9783126071376
040 _cAnchieta - Pituba
100 _aFröhlich, Birgitta
240 1 0 _aKlasse! A2
_l
245 1 0 _aKlasse! A2
300 _a136
362 0 _a2019
650 4 _a Uso padrão da língua alemã (prescptiva linguística - proficiência alemã)
942 _cBK
999 _c68076
_d68076